AQA A-Level Psychology: Wundt and Origins of Psychology - Statistics

General Stats
  • This quiz has been taken 11 times
  • The average score is 5 of 41
Answer Stats
Question Answer % Correct
Who was the first person to call himself a psychologist? Wilhelm Wundt
67%
Where was his lab located? Leipzig, Germany
56%
What was the main technique he used called? Introspection
44%
What does introspection mean in Latin? Looking into
33%
What did he believe about all aspects of nature, including the human mind? It could be studied scientifically.
22%
AO3: What is one LIMITATION of the scientific approach? Lacks ecological validity - Research is typically conducted in labs and used contrived situations that don't reflect real-life.
22%
AO3: What is one STRENGTH of introspection? Research support - Teenagers were given beepers that went off randomly to measure happiness. They used introspective methods to find that teenagers were happier when undergoing challenging tasks.
22%
What are the four stages of the scientific cycle? Testing
22%
What year did he set up the first laboratory of experimental psychology? 1879 / late 1870s
11%
What was his original belief about human experience? All aspects of human experience could be investigated experimentally
11%
What are the two major assumptions of scientific psychology? Behaviour is caused/determined
11%
What are the four stages of the scientific cycle? Building, refining, falsifying
11%
These topics had to be studied using a more general technique which he called? Cultural psychology
11%
How did he establish general theories on perception? He compared different participant reports in response to the same stimuli.
11%
What are the two major assumptions of scientific psychology? If behaviour is determined, then it should be possible to predict how human beings would behave in different conditions.
11%
What are examples of these higher mental processes? Learning / Language / Emotions
11%
What makes data systematic? Observations or experiments are carried out in an orderly way.
11%
What does introspection allow us to observe? Our inner world
11%
How did he study perception? Participants were given a controlled stimuli (like an auditory tone) and asked to describe their inner processes of what they were experiencing when they listened to the tone.
11%
What did he first study first? Reaction time
11%
AO3: What is one STRENGTH of the scientific approach? Reliable - Uses objective, systematic, replicable techniques and relies of determinism. If theories no longer fit the facts, they can be refined or abandoned.
11%
What is the general term for his approach? Structuralism
11%
What are the three features of the scientific method? Systematic, objective, replicable
11%
What was his nickname? The father of psychology
11%
What technique is used to explore these assumptions? The scientific method
11%
What was his aim? To study the structure of the human mind.
11%
AO3: What is one LIMITATION of introspection? Unreliable - Based on non-observable constructs such as memory and perception which are unconscious processes. Based on inferences.
11%
What are the four stages of the scientific cycle? Development of a scientific theory
0%
What did he realise about higher mental processes? Higher mental processes couldn't be studied in this strict controlled manner.
0%
AO3: What is one LIMITATION of introspection? Inaccurate - Some behaviours are unconscious so introspection wouldn't uncover them.
0%
What do empiricists believe? Knowledge comes from observation and experience alone (it is not innate).
0%
AO3: What is one LIMITATION of Wundt's research? Not replicable - Researchers struggled to reproduce his findings meaning his approach ultimately failed to be reliable. In comparison, Behaviourists were already achieving reliable, replicable results that were generalisable.
0%
What are the four stages of the scientific cycle? Objective, systematic, replicable observation
0%
What makes data replicable? Observations can be repeated by other researchers to determine whether the same results are obtained.
0%
What behaviours did he use to study the human mind? Perception / Sensation
0%
What do the findings lack if data is not replicable? Reliability
0%
What makes data objective? Researchers don't let preconceived ideas or biases influence data.
0%
AO3: What is one STRENGTH of the scientific approach? Self-corrective -If theories no longer fit the facts, they can be refined or abandoned. New theories will continually emerge.
0%
Define empiricism. The belief that all knowledge is derived from sensory experience.
0%
What did he infer from this first study? The longer it took to respond, the more mental processes must be involved.
0%
Define introspection. The process by which a person gains knowledge about their own mental and emotional states as a result of examination or observation of their conscious thoughts and feelings.
0%
No matching quizzes found
Score Distribution
Percent of People with Each Score
Percentile by Number Answered
Your Score History
You have not taken this quiz